000 00417nam a22001697a 4500
005 20160525144558.0
008 160525b xxu||||| |||| 00| 0 eng d
020 _a978-0-07-059961-1
041 _aeng
082 _b4927
100 _aChandra, Prasanna
_91156
245 _aFundamental of Financial Mgt.
260 _aNew Delhi
_bAcademic Faundation
300 _a30.14
650 _aManagement
_9241
942 _cBK
999 _c1724
_d1723